Fundamentals of Business Information Systems / (Record no. 17652)

MARC details
000 -LEADER
fixed length control field 00728nam a22002057a 4500
008 - FIXED-LENGTH DATA ELEMENTS--GENERAL INFORMATION
fixed length control field 131020s2011 us ||||| |||| 00| 0 eng d
020 ## - INTERNATIONAL STANDARD BOOK NUMBER
International Standard Book Number 9781408064269
082 ## - DEWEY DECIMAL CLASSIFICATION NUMBER
Edition number 22
Classification number 650.0285
Item number STA
100 ## - MAIN ENTRY--PERSONAL NAME
Personal name Stair, Ralph.
9 (RLIN) 34107
245 ## - TITLE STATEMENT
Title Fundamentals of Business Information Systems /
Statement of responsibility, etc Ralph M Stair; George Walter Reynolds; Thomas Chesney.
250 ## - EDITION STATEMENT
Edition statement 2nd ed.
260 ## - PUBLICATION, DISTRIBUTION, ETC. (IMPRINT)
Place of publication, distribution, etc Andover :
Name of publisher, distributor, etc Cengage Learning,
Date of publication, distribution, etc 2011.
300 ## - PHYSICAL DESCRIPTION
Extent xxiii, 406 p. :
Other physical details col. ill. ;
Dimensions 26 cm.
650 ## - SUBJECT ADDED ENTRY--TOPICAL TERM
Topical term or geographic name as entry element Information storage and retrieval systems
9 (RLIN) 34108
650 ## - SUBJECT ADDED ENTRY--TOPICAL TERM
Topical term or geographic name as entry element Management information systems
9 (RLIN) 34109
653 ## - INDEX TERM--UNCONTROLLED
Resource For college
Arrived date list October2013
710 ## - ADDED ENTRY--CORPORATE NAME
Corporate name or jurisdiction name as entry element Reynolds, George
9 (RLIN) 34110
710 ## - ADDED ENTRY--CORPORATE NAME
Corporate name or jurisdiction name as entry element Chesney, Thomas
9 (RLIN) 34111
942 ## - ADDED ENTRY ELEMENTS (KOHA)
Source of classification or shelving scheme Dewey Decimal Classification
Item type Book - Borrowing
Call number prefix 650.0285 STA
Holdings
Withdrawn status Item status Source of classification or shelving scheme Damaged status Not for loan Vendor Home library Current library Shelving location Date acquired Source of acquisition Total Checkouts Full call number Barcode Date last seen Date last borrowed Koha item type Total Renewals Materials specified (bound volume or other part)
    Dewey Decimal Classification     Baccah Central Library Central Library First floor 20/10/2013   1 650.0285 STA 000029396 15/07/2025 07/11/2013 NB - Book (Non borrowing)    
    Dewey Decimal Classification     Baccah Central Library Central Library First floor 20/10/2013   7 650.0285 STA 000029397 15/07/2025 10/01/2018 Book - Borrowing 30  
    Dewey Decimal Classification     Baccah Central Library Central Library First floor 20/10/2013   11 650.0285 STA 000029398 15/07/2025 16/11/2020 Book - Borrowing 53  
    Dewey Decimal Classification     Baccah Central Library Central Library First floor 20/10/2013   8 650.0285 STA 000029399 15/07/2025 28/09/2017 Book - Borrowing 18  
    Dewey Decimal Classification     Baccah Central Library Central Library First floor 20/10/2013   9 650.0285 STA 000029400 15/07/2025 08/01/2018 Book - Borrowing 82  
    Dewey Decimal Classification     Baccah Central Library Central Library First floor 20/10/2013   6 650.0285 STA 000029401 15/07/2025 25/09/2018 Book - Borrowing 28  
    Dewey Decimal Classification     Baccah Central Library Central Library First floor 20/10/2013   9 650.0285 STA 000029402 15/07/2025 15/12/2019 Book - Borrowing 39  
    Dewey Decimal Classification     Baccah Central Library Central Library First floor 20/10/2013   10 650.0285 STA 000029403 15/07/2025 09/10/2017 Book - Borrowing 42  
    Dewey Decimal Classification     Baccah Central Library Central Library First floor 20/10/2013   8 650.0285 STA 000029404 15/07/2025 13/11/2016 Book - Borrowing 12  
  Lost Dewey Decimal Classification     Baccah Central Library Central Library First floor 20/10/2013     650.0285 STA 000029405 20/10/2013   Book - Borrowing   Lost In Inventory_2015-8-23